1813 1349 1508 1616 1864 1055 1987 1572 1848 1764 1912 1233 1123 1788 1933 1116 1304 1353 1871 1491 1763 1873 1720 1796 1977 1326 1359 1238 1800 1174 1352 1479 1758 1469 1802 1363 1508 1314 1680 1796 1669 1544 1681 1512 1807 1214 1978 1816 1524 1363 1245 1891 1962 1981 1313 1298 1899 1010 1623 1061 1208 1589 1968 1922 1689 1818 1011 1687 1912 1615 1444 1207 1754 1924 1740 1808 1259 1134 1801 1719 1341 1424 1243 1325 1778 1380 1853 1566 1806 1984 1473 1494 1187 1960 1685 1478 1214 1378 1012 BCNSPRNW ULIB Ver.6.0+V

เปลี่ยนเป็นภาษาไทย

Change to English
 แสดงรายละเอียดบรรณานุกรม
  กลับหน้าหลัก

Brief Record : Get Marc (ISO 2709) : E-mail record : QR code < ปิดหน้าต่าง
LEADER : 00000nam 2200000uu 4500
001    13399123205
003     ULIB
008    020711s2551 th a 000 0 tha d
020    9789749694367
090    นว.^bว298พ
100    วรางคณา
245    พรุ่งนี้ไม่รู้จะรักใคร/^cวรางคณา
250    พิมพ์ครั้งที่ 1
260    กรุงเทพฯ :^bดอกหญ้า,^c2551
300    586 หน้า;^b21 ซม.
710    ดอกหญ้า
945    ^p295^l0^i20341
999    ^aทศพร เกษรทอง
รายการนี้ยังไม่มีแท็ก
คุณยังไม่ได้ล็อกอิน คุณสามารถมีกิจกรรมร่วมกับเว็บไซต์ได้ แต่ต้องล็อกอินก่อน ::
  ล็อกอิน

รายการสื่อสารสนเทศ

ลำดับที่ ประเภท เลขเรียก/บาร์โค้ด สถานที่ สถานะ
1. นวนิยาย
นวนิยาย
นว. ว298พ ฉ.1 
  Barcode: 20341
ห้องสมุดวิทยาเขตนครสวรรค์
►นวนิยาย:l:Fiction
บนชั้น

รายการใกล้เคียง
    ผู้แต่ง [วรางคณา]

BibComment


ยังไม่เคยถูกคอมเมนท์

คอมเมนท์ทรัพยากรรายการนี้
  คอมเมนท์: พรุ่งนี้ไม่รู้จะร..


 Copyright 2026. Bcnsprnw @Library